|
|
|
|
| LEADER |
00000cam a2200000 a 4500 |
| 001 |
vtls008357000 |
| 003 |
SK-MaSNL |
| 005 |
20260301020702.0 |
| 008 |
230501s1970 xo fr 001 0 eng |
| 015 |
|
|
|a SNBA1970/11-02666
|
| 020 |
|
|
|q (viazané)
|
| 035 |
|
|
|a SK01SNK19700049217
|
| 035 |
|
|
|a 2A392E8C-5A58-479E-A3F3-6466CD4536AF
|
| 035 |
|
|
|a urn:nbn:sk:snk-am00igry
|
| 035 |
|
|
|a SKM000051680
|
| 040 |
|
|
|a SNK
|b slo
|c SNK
|e AACR2
|
| 041 |
0 |
|
|a eng
|a fre
|
| 044 |
|
|
|a xo
|c SK
|
| 072 |
|
7 |
|a 81
|x Lingvistika. Jazyky
|2 konspekt
|
| 080 |
|
|
|a 82.035(082)=20=40
|2 1981
|
| 080 |
|
|
|a 81'255.4
|2 2011
|
| 080 |
|
|
|a (0:82-4)
|2 2011
|
| 080 |
|
|
|a (082)
|2 2011
|
| 080 |
|
|
|a 81'25
|2 2011
|
| 245 |
0 |
4 |
|a The nature of translation
|b essays on the theory and practice of literary translation
|c [edit by James S. Holmes ; associate editors: Frans de Haan and Anton Popovič]
|
| 260 |
|
|
|a Bratislava
|b Slovac Academy of Sciences
|c 1970
|e Martin
|f Tlačiarne SNP
|
| 300 |
|
|
|a 15, 232 strán
|c 8°
|
| 490 |
1 |
|
|a Approaches to translation studies
|v no 1
|
| 500 |
|
|
|a Obsahuje poznámky. Zoznam účastníkov
|
| 504 |
|
|
|a Obsahuje register
|
| 546 |
|
|
|a Čiastočný text vo francúzštine
|
| 650 |
0 |
7 |
|a literárny preklad
|2 SNKPH
|9 28595
|
| 650 |
0 |
7 |
|a teória prekladu
|2 SNKPH
|9 15928
|
| 655 |
|
7 |
|a zborníky
|2 SNKPH
|9 70165
|
| 655 |
|
7 |
|a eseje
|2 SNKPH
|9 57030
|
| 700 |
1 |
|
|a Haan, Frans de
|4 com
|9 308470
|
| 700 |
1 |
|
|a Popovič, Anton,
|d 1933-1984
|4 com
|9 105167
|
| 700 |
1 |
|
|a Holmes, James S.,
|d 1924-1986
|4 com
|9 308471
|
| 830 |
|
0 |
|a Approaches to translation studies
|9 308472
|
| 852 |
|
|
|a Slovenská národná knižnica
|
| 954 |
|
|
|a odborná, vedecká literatúra cudzojazyčná (svetová)
|2 lita
|
| 954 |
|
|
|a odborná, vedecká literatúra pôvodná (slovenská)
|2 lita
|
| 958 |
|
|
|a TL
|
| 958 |
|
|
|a ZB
|
| 958 |
|
|
|a LX
|
| 958 |
|
|
|a RK
|
| 958 |
|
|
|a OND
|
| 958 |
|
|
|a EUIPO
|
| 999 |
|
|
|c 563549
|d 565479
|
| 952 |
|
|
|a SNK
|b SNK
|y PREZ
|7 0
|p 17A0937887
|o snkSC 26818
|i snkKSP 8302/70
|0 0
|1 0
|4 0
|d 2012-08-28
|f 1
|l 0
|r 2025-09-11 00:00:00
|w 2026-02-23
|
| 952 |
|
|
|a SNK
|b SNK
|y VYP
|7 0
|p 17A0127960
|o snkSC 26818 D1
|0 0
|1 0
|4 0
|d 1998-03-09
|l 0
|r 2005-01-02 00:00:00
|w 2026-02-23
|